000 00492nab a2200145Ia 4500
003 ES-SlBCS
005 20210601123915.0
008 140529s1999 xxu||||| |||| 00| 0 eng d
041 _aeng
100 1 _aByrne, Patrick H.
_948820
245 0 0 _aInsight, Inference, and Aristotle's theory of Demonstration
_c Patrick H. Byrne
600 0 4 _aAristóteles-Demostración
_9131724
773 0 _tAmerican Catholic Philosophical Quarterly
_gvol. 73, nº. 5, 1999, págs. 237-249
_wRev1385
942 _cAR
999 _c506012
_d506012